00785nac a22002171u 4500020001500000082001700015090001500032100003400047245006500081250001200146260004400158300003700202650001600239650005300255650003700308650004800345700002000393942001900413999001500432952012000447 a812720103000a344.1bM2147 c1091d1091 aMaheshwari, N.K. 00aBanking and Financial Services /cN.K.Maheshwari, R.R. Paul. a2nd ed. aNew Delhi :bKalyani publishers,c2002. a1 v. (various pagings) :c24 cm. 0aBanking law 0aFinancial services industryxLaw and legislation 0aInvestmentsxLaw and legislation 0aFinancial institutionsxLaw and legislation1 aBlair, William. cBBk344.1M2147 c1091d1091 00104070aMAINbMAINc1STd2006-08-21ePurchasel1m12o344.1 MAHp000003404r2025-07-15 00:00:00s2024-02-26yBB